000 00330pab a2200145 454500
008 180718b1997 xxu||||| |||| 00| 0 eng d
100 _aKabir, Humayun
245 _aFemale education in rural areas
260 _c1997
300 _ap.60
362 _aSep
650 _aWomen education
773 _aKurukshetra
909 _a35379
999 _c35379
_d35379